fate the Winx saga - Statistics

General Stats
  • This quiz has been taken 23 times
  • The average score is 8 of 13
Answer Stats
season episode title % Correct
2 Low Flying Panic attack
78%
a fanatic Heart
67%
No strangers here
67%
1 To the Waters and the Wild
67%
all the wild witches
61%
Poor Unfortunate Souls
61%
Your Newfound Popularity
61%
an Hour Before the Devil fell
56%
Are you a good witch or a bad witch
56%
Heavy Mortal Hopes
56%
Taken by the Wind
56%
Some Wrecked Angel
50%
Wither into the truth
50%
No matching quizzes found
Score Distribution
Percent of People with Each Score
Percentile by Number Answered
Your Score History
You have not taken this quiz